| 000 | 00761nam a2200265 a 4500 | ||
|---|---|---|---|
| 003 | AR-BaBNM | ||
| 005 | 20251128210148.0 | ||
| 008 | 082120s2002 ||||||||||||||000 | spa|| | ||
| 020 | _a956-7668-00-0 | ||
| 040 | _cAR-BaBNM | ||
| 245 | 0 | 0 | _aNueva mirada a la historia |
| 260 |
_aSantiago de Chile _bVer _c1996 |
||
| 300 |
_a244 p. _bil. |
||
| 504 | _aCada trabajo contiene bibliografĂa para consultar al final de cada uno | ||
| 650 | 4 | _aHISTORIA ARGENTINA | |
| 650 | 4 | _aHISTORIA LATINOAMERICANA | |
| 650 | 4 | _aRELACIONES INTERNACIONALES | |
| 650 | 4 | _aTRATADOS INTERNACIONALES | |
| 650 | 4 | _aHISTORIA POLITICA | |
| 650 | 4 | _aHISTORIA SOCIAL | |
| 653 | _aHISTORIA CHILENA | ||
| 700 | 1 |
_aLuna, Félix _eprologuista |
|
| 942 | _cBK | ||
| 998 | _cMariana | ||
| 999 |
_c14317 _d14317 |
||